| 000 | 00913nam a2200253 a 4500 | ||
|---|---|---|---|
| 005 | 20240601063722.0 | ||
| 008 | 031007s2000 mx r 000 0 spa d | ||
| 020 | _a8434426307 | ||
| 035 | _aUPN01000129712 | ||
| 049 | _aCG | ||
| 050 | 4 |
_aLB1027.5 _bN5.3 |
|
| 100 | 1 | _aNieto Cano, Jose Miguel | |
| 245 | 1 | 4 |
_aLos equipos de orientación educativa y psicopedagógica / _cJosé Miguel Nieto Cano, Francisco Botías Pelegrín. |
| 260 |
_aBarcelona, Esp. : _bAriel, _c2000. |
||
| 300 | _a266 p. | ||
| 440 | 0 | _aAriel educación | |
| 590 | _a(También localizas un ejemplar en el "Area de Reserva") | ||
| 590 | _aBibliografía Básica (BGTQ) | ||
| 500 | _aSubtítulo de la cubierta : El asesoramiento a centros escolares desde un análisis institucional | ||
| 650 | 4 |
_aOrientación educativa _94097 |
|
| 650 | 4 |
_aPsicopedagogía _95085 |
|
| 700 | 1 |
_aBotías Pelegrín, Francisco, _ecoaut. |
|
| 905 | _aLibro | ||
| 999 |
_c101875 _d101875 |
||